Rompin forest district, Pahang

Bibliographic Details
Main Author: LEE
Format: Book
Published: Kuala Lumpur : Forest Research Institute, Forest Department , 1966
Subjects:

MARC

LEADER 00000cam a2200000 7i4500
001 0000001877
005 20020313.0
090 0 0 |a 634.9285   |b LEE 1966 
100 1 0 |a LEE   |h Peng Choon 
245 1 0 |a Rompin forest district, Pahang   |c Lee Peng Choong 
260 0 0 |a Kuala Lumpur :   |b Forest Research Institute, Forest Department ,   |c 1966 
300 |a 1v. (various pagings) :   |b maps (2 folded in pocket) ;   |c 33 cm. 
500 0 0 |a Forest resources reconnaissance survey of Malaya report; no. 3 
650 0 0 |a Forest surveys   |z Malaysia   |z Pahang 
650 0 0 |a Forests and forestry   |x Mensuration 
650 0 0 |a Surveys 
998 |a JPSM 
999 |a 0000002970   |b Monograph   |c Open Shelf   |e Default branch